| 000 | 00643nam a22001817a 4500 | ||
|---|---|---|---|
| 003 | CEME | ||
| 005 | 20210628202826.0 | ||
| 008 | 210127b xxu||||| |||| 00| 0 eng d | ||
| 020 | _a0-19-511877-4 | ||
| 040 | _c. | ||
| 082 | _a621.3815324 SCH | ||
| 100 |
_aSchaumann, Rolf:Valkenburg, Mace E.Van _961811 |
||
| 245 | _aDesign of analog filters | ||
| 260 |
_aNEW YORK _bOXFORD UNIVERSITY PRESS _c2001 |
||
| 300 | _aXII,738P | ||
| 650 |
_aELECTRIC FILTERS, ACTIVE DESIGN AND CONSTRUCTION, ANALOG ELECTRONIC SYSTEMS DESIGN AND CONSTRUCTION, LINEAR INTEGRATED CIRCUITS DESIGN AND CONSTRUCTION, OPERATIONAL AMPLIFIERS _961812 |
||
| 942 |
_cBK _2ddc |
||
| 999 |
_c571134 _d571134 |
||